Geography Quiz

Random Geography or City Quiz

World Cities Hangman II Quiz Stats

 Plays Quiz Updated Feb 22, 2017

Challenge
Share
Tweet
Embed
Score 0/108 Timer 04:00
1 Play Today
World City % Correct
A5???
97.8%
E6???
89.9%
R5???
89.5%
I5???
89.4%
C5???
88.9%
O5???
88.4%
S6???
86.2%
*5 LETTER*???
86%
E7???
85.6%
N6???
85%
X5???
85%
Q5???
83.9%
Z5???
83.9%
A8???
83.7%
D6???
83.6%
O7???
83.5%
V5???
83.3%
J5???
82.3%
Y6???
81.7%
W5???
81.1%
K5???
80.7%
N7???
80.4%
Y5???
80.3%
L7???
80%
F5???
79.7%
C7???
79.2%
*6 LETTER*???
79.2%
S8???
78.1%
G5???
78%
I8???
77.7%
G7???
77.1%
H5???
76.9%
U5???
76.8%
N8???
76.7%
Z6???
75.6%
X6???
75.1%
World City % Correct
*7 LETTER*???
73.7%
Q6???
73.7%
G8???
72.9%
D5???
72.6%
H8???
72.3%
V6???
71.6%
J6???
71%
X7???
70.5%
Q7???
70.1%
Z7???
69.6%
*8 LETTER*???
69%
B5???
68.6%
M5???
68.2%
F6???
67.6%
L5???
67.4%
K6???
67.3%
P5???
67.1%
V7???
66.9%
J7???
66.3%
W6???
66.1%
X8???
65.9%
G6???
65.2%
Z8???
65%
Q8???
65%
K7???
63%
V8???
62.7%
N5???
62.7%
J8???
62.2%
W7???
62.2%
F7???
61.3%
P6???
60.9%
H6???
60%
Y7???
59.5%
B6???
59%
K8???
58.6%
W8???
57.5%
World City % Correct
H7???
57.3%
T5???
57.1%
C6???
55.9%
Y8???
55.6%
S5???
54.9%
F8???
54.4%
M6???
54.4%
P7???
54.2%
L6???
49.9%
D7???
49.8%
P8???
49.6%
B8???
49.6%
B7???
47.2%
D8???
46%
U7???
44.2%
M8???
43.6%
E5???
43.3%
C8???
43.1%
R6???
42.2%
U8???
42.2%
T6???
42.2%
M7???
41.8%
L8???
39.6%
O8???
34.2%
R8???
31.9%
R7???
28.9%
T8???
27.3%
T7???
27.3%
S7???
25.6%
U6???
24.9%
I7???
22%
O6???
20.6%
I6???
19.8%
E8???
18.7%
A6???
14.8%
A7???
11.9%

You're not logged in!

Compare scores with friends on all Sporcle quizzes.
Join for Free
OR
Log In

You Might Also Like...

Show Comments

Extras

Top Quizzes Today


Score Distribution

Your Account Isn't Verified!

In order to create a playlist on Sporcle, you need to verify the email address you used during registration. Go to your Sporcle Settings to finish the process.

Report this User

Report this user for behavior that violates our Community Guidelines.

Details: